McKinsey tools(Chinese Edition) / (Record no. 591784)

000 -LEADER
fixed length control field 00377nam a22001337a 4500
020 ## - INTERNATIONAL STANDARD BOOK NUMBER
International Standard Book Number 9787111283553
082 ## - DEWEY DECIMAL CLASSIFICATION NUMBER
Classification number 658.4022
Author Mark FRI
100 ## - MAIN ENTRY--PERSONAL NAME
Personal name Friga, Paul N.
245 ## - TITLE STATEMENT
Title McKinsey tools(Chinese Edition) /
Statement of responsibility, etc. Paul N. Friga
260 ## - PUBLICATION, DISTRIBUTION, ETC.
Name of publisher, distributor, etc. Mechanical Industry Press Club,
Date of publication, distribution, etc. 2010.
300 ## - PHYSICAL DESCRIPTION
Extent 189 p. ;
Dimensions 24 cm.
880 ## - ALTERNATE GRAPHIC REPRESENTATION
Linkage 245-02\r
Title 麦肯锡工具 /
942 ## - ADDED ENTRY ELEMENTS (KOHA)
Source of classification or shelving scheme
Koha item type Book
Holdings
Withdrawn status Lost status Source of classification or shelving scheme Damaged status Not for loan Permanent Location Current Location Shelving location Date acquired Source of acquisition Total Checkouts Full call number Barcode Date last seen Price effective from Koha item type
          Central Library (CL) Central Library (CL) Chinese Studies 10/13/2022 Donated by China Embassy   658.4022 FRI CL-D-1973 10/13/2022 10/13/2022 Book
© 2023 Central Library, National University of Sciences and Technology. All Rights Reserved.